• 首页
  • 本馆介绍
  • 公告通知
  • 最新文献
  • 馆藏检索
  • 电子资源
  • 读者导购
  • 参考咨询
  • 我的图书馆
  • 登录
  • 详细信息显示
  • 放入我的书架
  • 预约/预借图书
  • 作者相关作品
  • 分类相关作品
  • 丛书相关作品
  • 出版社相关作品

书目信息

  • 表格格式
  • 工作单格式
  • 卡片格式
题名:
多彩的绘画
    
 
作者: 石凡 编著
分册:  
出版信息: 广州   广州出版社  1997
页数: 113页
开本: 19cm
丛书名: 百科世界丛书
单 册:
中图分类: J205.1
科图分类: 48.3303059
主题词: 绘画--鉴赏--世界--青年读物
电子资源:
ISBN: 7-80592-708-1
000 00724nam2 2200277 450
001 073000001917
005 20091029152140.14
009 0198055251
010    @a7-80592-708-1@dCNY8.15
100    @a20040224d am y0chiy0121 ea
101 0  @achi
102    @aCN@b440000
105    @ay z 000yy
200 10 @a多彩的绘画@Aduo cai de hui hua@f石凡编著
210    @a广州@c广州出版社@d1997
215    @a113页@d19cm
225 2  @a百科世界丛书
300 2  @a@h第四辑@v65
410  0 @120010@a百科世界丛书
606    @a绘画@x鉴赏@y世界@x青年读物
690    @aJ205.1@v3
692    @a48.3303059@v2
701  0 @a石凡@Ashi fan@4编著
801  2 @aCN@bHX@c20091029
905    @aBZT@dJ205.1@e2
906    @dCNY92(全辑)@n0@r1
    
    多彩的绘画/石凡编著.-广州:广州出版社,1997
    113页;19cm.-(百科世界丛书)
    
    
    ISBN 7-80592-708-1:CNY8.15
    
●
相关链接 在五车中查询图书 在当当中查询图书 在豆瓣中查询图书


正题名:多彩的绘画     索取号:J205.1/2         预约/预借

序号 登录号 条形码 馆藏地/架位号 状态 备注
1 420734   210493679   中心书库中库/ 中库016架A面7列3层5/ [索取号:J205.1/2] 在馆    
2 420735   210493660   中心书库中库/ 中库016架A面7列3层4/ [索取号:J205.1/2] 在馆    
3 420736   210493651   中心书库中库/ 中库016架A面7列3层9/ [索取号:J205.1/2] 在馆    
4 420737   210493642   中心书库中库/ 中库016架A面7列3层6/ [索取号:J205.1/2] 在馆    
5 420738   210493633   中心书库中库/ 中库016架A面7列3层12/ [索取号:J205.1/2] 在馆    
6 420739   210493624   中心书库中库/ 中库016架A面7列3层10/ [索取号:J205.1/2] 在馆    
7 420740   210493606   中心书库中库/ 中库016架A面7列3层13/ [索取号:J205.1/2] 在馆    
8 420741   210493615   中心书库中库/ 中库016架A面7列3层11/ [索取号:J205.1/2] 在馆    
9 420742   210493580   中心书库中库/ 中库016架A面7列3层7/ [索取号:J205.1/2] 在馆    
10 420743   210493599   中心书库中库/ 中库016架A面7列3层8/ [索取号:J205.1/2] 在馆    
山东省滨州职业学院图书馆 欢迎您!
大连网信软件有限公司© 版权所有